Statistics for Garuda Indonesia Destinations

Click here to take the quiz!

General Stats

  • This quiz has been taken 27 times
    (25 since last reset)
  • The average score is 34 of 59

Answer Stats

Answer% Correct
Denpasar
96%
Kuala Lumpur
96%
Singapore
96%
Jakarta
92%
Surabaya
92%
Bandung
83%
Bangkok
83%
Medan (Kualanamu)
83%
Tokyo (Haneda)
83%
Makassar
79%
Bandar Lampung (Tanjung Karang)
75%
Palembang
75%
Semarang
75%
Yogyakarta (YIA)
75%
Jambi
71%
Jayapura
71%
Malang
71%
Padang
71%
Seoul
71%
Balikpapan
67%
Banda Aceh
67%
Banjarmasin
67%
Lombok
67%
Pekanbaru
67%
Pontianak
67%
Samarinda
67%
Amsterdam
63%
Manado
63%
Palu
63%
Sydney
63%
Batam
58%
Gorontalo
58%
Kendari
58%
Kupang
58%
Palangkaraya
58%
Ambon
54%
Hong Kong
54%
Perth
54%
Solo
54%
Tanjung Pinang
54%
Bengkulu
50%
Osaka
50%
Pangkal Pinang
50%
Banyuwangi
46%
Manokwari
46%
Sorong
46%
Labuan Bajo
42%
Ternate
42%
Tarakan
38%
Biak
29%
Merauke
29%
Timika
29%
Mamuju
21%
Tanjung Pandan
21%
Nabire
17%
Sibolga
17%
Gunung Sitoli
13%
Berau
0%
Pinangsori
0%

Score Distribution

Percentile by Number Answered

Percent of People with Each Score

Your Score History

You have not taken this quiz since the last reset